ნორმალური ფორმატი
MARC ფორმატი
ჩანაწერი Personal Name
ჩანაწერთა რაოდენობა, რომელიც გამოყენებულია: 1
001 - CONTROL NUMBER
- control field: 9140
003 - CONTROL NUMBER IDENTIFIER
- control field: GE_BSU
005 - DATE AND TIME OF LATEST TRANSACTION
- control field: 20200810122821.0
008 - FIXED-LENGTH DATA ELEMENTS
- fixed length control field: 200810|| aca||aabn | a|a d
040 ## - CATALOGING SOURCE
- Original cataloging agency: GE_BSU
- Transcribing agency: GE_BSU
100 ## - HEADING--PERSONAL NAME
- Personal name: გაჩეჩილაძე თინათინ
- Relator term: მთარგმნელი
670 ## - SOURCE DATA FOUND
- Source citation: Work cat.: (GE_BSU): სტოიანოვი ალექსანდრე (1843-1914) 9138, Александр Соянов (1843-1914)=Alexander Stoyanov (1843-1914) = ალექსანდრე სტოიანოვი(1843-1914) :
